Devocionario Josefino, o sea Los siete domingos al glorioso patriarca San José : (Record n. 34349)

Dettagli MARC
000 -LEADER
fixed length control field 01110nam a2200253 i 4500
003 - CONTROL NUMBER IDENTIFIER
control field IT-RoINE
005 - DATE AND TIME OF LATEST TRANSACTION
control field 20200909085316.0
008 - FIXED-LENGTH DATA ELEMENTS--GENERAL INFORMATION
fixed length control field 920725s1934 sp r | spa d
040 ## - CATALOGING SOURCE
Original cataloging agency SpMaBN
Transcribing agency A2
Modifying agency IT-RoINE
100 1# - MAIN ENTRY--PERSONAL NAME
Personal name Llorente, Antonino,
Titles and other words associated with a name C.M.F.
9 (RLIN) 67629
245 10 - TITLE STATEMENT
Title Devocionario Josefino, o sea Los siete domingos al glorioso patriarca San José :
Remainder of title seguidos de novena, triduo, ejercicio para el día 19 de cada mes a San José de la Montaña, devoción a la Sagrada Familia y otras prácticas piadosas /
Statement of responsibility, etc por P. Antonino Llorente misionero hijo del Inmaculado Corazón de María.
246 33 - VARYING FORM OF TITLE
Title proper/short title Siete domingos al glorioso patriarca San José
250 ## - EDITION STATEMENT
Edition statement 8ª ed.
260 ## - PUBLICATION, DISTRIBUTION, ETC. (IMPRINT)
Place of publication, distribution, etc Madrid :
Name of publisher, distributor, etc Coculsa,
Date of publication, distribution, etc 1934.
300 ## - PHYSICAL DESCRIPTION
Extent 318 p. :
Other physical details il. ;
Dimensions 14 cm.
336 ## - CONTENT TYPE
Source rdacontent
Content type term text
337 ## - MEDIA TYPE
Source rdamedia
Media type term unmediated
338 ## - CARRIER TYPE
Source rdacarrier
Carrier type term volume
500 ## - GENERAL NOTE
General note Grab. intercal.
600 04 - SUBJECT ADDED ENTRY--PERSONAL NAME
Personal name José,
Titles and other words associated with a name Santo
General subdivision Libros de oraciones y devocionarios
9 (RLIN) 68942
610 24 - SUBJECT ADDED ENTRY--CORPORATE NAME
Corporate name or jurisdiction name as entry element Santuario del Inmaculado Corazón de María (Madrid, España)
9 (RLIN) 67631
650 #4 - SUBJECT ADDED ENTRY--TOPICAL TERM
9 (RLIN) 4218
Topical term or geographic name as entry element Literatura de devoción
942 ## - ADDED ENTRY ELEMENTS (KOHA)
Item type Monografías
Dati di copia
Withdrawn status Lost status Damaged status Not for loan Home library Current library Date acquired Total Checkouts Full call number Barcode Date last seen Price effective from Koha item type
        Iglesia Nacional Española en Roma Iglesia Nacional Española en Roma 11/06/2020   DEV 39 62087 11/06/2020 11/06/2020 Monografías